Initialed People EA to EZ Quiz Stats

 Plays Quiz Updated Nov 17, 2016

Also try: Movie by Initials
Challenge
Share
Tweet
Embed
Score 0/24 Timer 07:00
0 Plays Today
Initials Name % Correct
EJElton John
93.2%
EPElvis Presley
90%
EDEllen DeGeneres
83.2%
EREleanor Roosevelt
81.6%
EEEmilio Estevez
81.5%
EFElla Fitzgerald
78.8%
ETElizabeth Taylor
78.5%
ENEdward Norton
68.5%
ELEstée Lauder
66.1%
EWElijah Wood
66.1%
EHElizabeth Hurley
64.9%
EAEdward Asner
63.9%
Initials Name % Correct
EKEvel Knievel
63.8%
EIEnrique Iglesias
63%
EMEwan Mcgregor
62.6%
ESEd Sullivan
62.2%
EVEddie Vedder
52.6%
EGEva Gabor
48.5%
ECe.e. cummings
46.5%
EBEmily Blunt
44.4%
EOEmeka Okafor
22.7%
EQEllery Queen
22.5%
EYElliott Yamin
14.3%
EZEmiliano Zapata
12.1%

You're not logged in!

Compare scores with friends on all Sporcle quizzes.
Join for Free
OR
Log In

You Might Also Like...

Show Comments

Extras

Top Quizzes Today


Score Distribution

Your Account Isn't Verified!

In order to create a playlist on Sporcle, you need to verify the email address you used during registration. Go to your Sporcle Settings to finish the process.

Report this User

Report this user for behavior that violates our Community Guidelines.

Details: